[Event "Titled Tuesday intern op 12th Sep Late"]
[Site "Chess.com INT"]
[Date "2023.09.12"]
[Round "2"]
[White "Michelakos, Panagiotis"]
[Black "Blanco Diez, David"]
[Result "1-0"]
[WhiteElo "2295"]
[BlackElo "2298"]
[PlyCount "37"]
[EventDate "2023.09.12"]
[EventType "swiss (blitz)"]
[EventRounds "11"]
[EventCountry "USA"]
[SourceTitle "EXT 2024"]
[Source "ChessBase"]
[SourceDate "2023.10.10"]
[SourceVersion "1"]
[SourceVersionDate "2023.10.10"]
[SourceQuality "1"]

1. d4 Nf6 2. Nc3 d5 3. Bf4 a6 4. e3 e6 5. Nf3 Bb4 6. Bd3 c5 7. 0-0 Nc6 8. dxc5 Bxc5 9. e4 dxe4 10. Nxe4 Be7 11. Qe2 h6 12. c3 Nxe4 13. Bxe4 Bd7 14. Rad1 Qa5 15. Bb1 Rd8 16. b4 Qa3 17. Qc2 Rc8 18. Rxd7 Kxd7 19. Bc1 1-0

[Event "Titled Tuesday intern op 12th Sep Early"]
[Site "Chess.com INT"]
[Date "2023.09.12"]
[Round "2"]
[White "Michelakos, Panagiotis"]
[Black "Sanal, Vahap"]
[Result "0-1"]
[WhiteElo "2295"]
[BlackElo "2603"]
[PlyCount "86"]
[EventDate "2023.09.12"]
[EventType "swiss (blitz)"]
[EventRounds "11"]
[EventCountry "USA"]
[SourceTitle "EXT 2024"]
[Source "ChessBase"]
[SourceDate "2023.10.10"]
[SourceVersion "1"]
[SourceVersionDate "2023.10.10"]
[SourceQuality "1"]

1. d4 d6 2. g3 c5 3. dxc5 Qa5+ 4. Nc3 Qxc5 5. Bg2 Nf6 6. Nf3 g6 7. 0-0 Bg7 8. Bg5 Nbd7 9. Qd2 0-0 10. Bh6 Rb8 11. Bxg7 Kxg7 12. a4 b6 13. Nd4 Bb7 14. Nb3 Qh5 15. Bxb7 Rxb7 16. a5 Rc8 17. axb6 Nxb6 18. Na5 Rbc7 19. Qd4 Nc4 20. Nxc4 Rxc4 21. Qxa7 Qh3 22. f3 R8c5 23. Qxe7 Rg5 24. Rf2 Rh4 25. Rg2 Re5 26. Qxd6 Rhh5 27. Ra7 Qc8 28. Qc7 Qf8 29. e4 Ne8 30. Qd7 Qc5+ 31. Kf1 Nd6 32. Rd2 Qe3 33. Qxd6 Qxf3+ 34. Rf2 Qh1+ 35. Ke2 Rxe4+ 36. Nxe4 Qxe4+ 37. Kf1 Qh1+ 38. Ke2 Qe4+ 39. Kd2 Rd5+ 40. Qxd5 Qxd5+ 41. Kc1 Qe4 42. Raxf7+ Kh6 43. R7f4 Qe1# 0-1

[Event "Titled Tuesday intern op 22nd Aug Early"]
[Site "Chess.com INT"]
[Date "2023.08.22"]
[Round "2"]
[White "Harsh, Suresh"]
[Black "Michelakos, Panagiotis"]
[Result "1-0"]
[WhiteElo "2324"]
[BlackElo "2295"]
[PlyCount "93"]
[EventDate "2023.08.22"]
[EventType "swiss (blitz)"]
[EventRounds "11"]
[EventCountry "USA"]
[SourceTitle "EXT 2024"]
[Source "ChessBase"]
[SourceDate "2023.10.10"]
[SourceVersion "1"]
[SourceVersionDate "2023.10.10"]
[SourceQuality "1"]

1. e4 c5 2. Nc3 e6 3. f4 d5 4. Nf3 Nf6 5. Bb5+ Bd7 6. Bxd7+ Qxd7 7. d3 Nc6 8. 0-0 Be7 9. Ne5 Qc7 10. Nxc6 Qxc6 11. e5 Nd7 12. Qf3 g6 13. Kh1 h5 14. b3 0-0-0 15. Bb2 h4 16. Ne2 h3 17. g3 Nb8 18. Rad1 d4 19. Qxc6+ Nxc6 20. a3 b5 21. Kg1 Kb7 22. Kf2 a5 23. Ng1 c4 24. dxc4 bxc4 25. bxc4 Bc5 26. Ke2 Ne7 27. Nf3 Nf5 28. Rb1 Kc6 29. Bc1 a4 30. Ng5 Rd7 31. Ne4 Be7 32. g4 Nh4 33. Kd3 Ng2 34. Bd2 Rh4 35. Rb5 Rxg4 36. Rfb1 Rc7 37. Rb8 Kd7 38. Kxd4 Nxf4 39. Ba5 Ra7 40. R1b7+ Rxb7 41. Rxb7+ Ke8 42. Rb8+ Kd7 43. Rb7+ Ke8 44. Bb4 Ne2+ 45. Ke3 Bxb4 46. Nf6+ Kf8 47. Nxg4 1-0

[Event "Titled Tuesday intern op 14th Mar Late"]
[Site "Chess.com INT"]
[Date "2023.03.14"]
[Round "2"]
[White "Michelakos, Panagiotis"]
[Black "Christiansen, Johan Sebastian"]
[Result "0-1"]
[WhiteElo "2282"]
[BlackElo "2579"]
[PlyCount "66"]
[EventDate "2023.03.14"]
[EventType "swiss (blitz)"]
[EventRounds "11"]
[EventCountry "USA"]
[SourceTitle "EXT 2024"]
[Source "ChessBase"]
[SourceDate "2023.10.10"]
[SourceVersion "1"]
[SourceVersionDate "2023.10.10"]
[SourceQuality "1"]

1. e4 e5 2. Nf3 Nc6 3. Bc4 Nf6 4. d4 exd4 5. 0-0 Nxe4 6. Re1 d5 7. Bxd5 Qxd5 8. Nc3 Qd7 9. Rxe4+ Be7 10. Nxd4 f5 11. Rf4 0-0 12. Nxc6 Qxc6 13. Qd5+ Qxd5 14. Nxd5 Bd6 15. Rd4 Be6 16. Bf4 Bc5 17. Rc4 Bxd5 18. Rxc5 c6 19. f3 Rfe8 20. Kf2 Kf7 21. h4 h6 22. b3 Kf6 23. Bc1 g5 24. Bb2+ Kg6 25. Rh1 Re7 26. hxg5 hxg5 27. Rh8 Rxh8 28. Bxh8 Rh7 29. Bd4 b6 30. Rc3 c5 31. Be5 Rh1 32. Rd3 Be6 33. Rd7 Bxd7 0-1

[Event "Titled Tuesday intern op 14th Mar Late"]
[Site "Chess.com INT"]
[Date "2023.03.14"]
[Round "6"]
[White "Michelakos, Panagiotis"]
[Black "Ozates, Tuna"]
[Result "0-1"]
[WhiteElo "2282"]
[BlackElo "2251"]
[PlyCount "128"]
[EventDate "2023.03.14"]
[EventType "swiss (blitz)"]
[EventRounds "11"]
[EventCountry "USA"]
[SourceTitle "EXT 2024"]
[Source "ChessBase"]
[SourceDate "2023.10.10"]
[SourceVersion "1"]
[SourceVersionDate "2023.10.10"]
[SourceQuality "1"]

1. e4 c5 2. b4 cxb4 3. a3 e5 4. Nf3 Nc6 5. Bb2 bxa3 6. Nxa3 d6 7. Bc4 Be6 8. Bxe6 fxe6 9. 0-0 Be7 10. d4 exd4 11. Nxd4 Nxd4 12. Bxd4 Nf6 13. Nb5 0-0 14. Bxa7 Nxe4 15. Bd4 Qd7 16. Rxa8 Rxa8 17. Nc3 Nxc3 18. Bxc3 Rc8 19. Bb2 Rc5 20. Re1 h5 21. Bd4 Rg5 22. h4 Rg4 23. g3 Bxh4 24. Be5 Be7 25. Bf4 d5 26. Qe2 Kf7 27. Qe5 g6 28. f3 Rxf4 29. Qxf4+ Bf6 30. g4 hxg4 31. fxg4 g5 32. Qf3 e5 33. Rf1 Qe6 34. Qb3 Qxg4+ 35. Kf2 Qd4+ 36. Ke2 Qe4+ 37. Kd1 Qd4+ 38. Ke2 b6 39. Qb5 Qe4+ 40. Kd1 Qg4+ 41. Kc1 Qe6 42. Qd3 e4 43. Qb3 Kg7 44. Qg3 e3 45. Qc7+ Kg6 46. Qg3 d4 47. Rg1 Qe7 48. Rh1 Qa3+ 49. Kb1 Qb4+ 50. Kc1 Qd2+ 51. Kb1 e2 52. Qe1 Qe3 53. Qb4 d3 54. cxd3 Qxd3+ 55. Kc1 Qe3+ 56. Qd2 Qa3+ 57. Kc2 Qb2+ 58. Kd3 Qb5+ 59. Ke3 g4 60. Qxe2 Bg5+ 61. Kf2 g3+ 62. Kf1 g2+ 63. Kf2 Qxe2+ 64. Kxe2 gxh1Q 0-1

[Event "Titled Tuesday intern op 14th Mar Late"]
[Site "Chess.com INT"]
[Date "2023.03.14"]
[Round "5"]
[White "Pakleza, Zbigniew"]
[Black "Michelakos, Panagiotis"]
[Result "0-1"]
[WhiteElo "2492"]
[BlackElo "2282"]
[PlyCount "72"]
[EventDate "2023.03.14"]
[EventType "swiss (blitz)"]
[EventRounds "11"]
[EventCountry "USA"]
[SourceTitle "EXT 2024"]
[Source "ChessBase"]
[SourceDate "2023.10.10"]
[SourceVersion "1"]
[SourceVersionDate "2023.10.10"]
[SourceQuality "1"]

1. d4 d5 2. Bf4 c5 3. e3 Nc6 4. c3 Qb6 5. Qb3 c4 6. Qc2 e5 7. dxe5 Bf5 8. Qc1 g5 9. Bg3 h5 10. h3 Bg7 11. Nf3 h4 12. Bh2 Nge7 13. Nxg5 Bxe5 14. Nf3 Bxh2 15. Rxh2 0-0-0 16. Nbd2 Ng6 17. b3 Nce5 18. Nd4 Nd3+ 19. Bxd3 Bxd3 20. Rh1 Rhe8 21. Qa3 Nf4 22. 0-0-0 Ne6 23. N2f3 Nc5 24. Nd2 Bh7 25. N2f3 Ne4 26. Rd2 Nxd2 27. Kxd2 Qg6 28. Ne1 Kb8 29. Rg1 Rd6 30. Qb2 Ra6 31. Nec2 Qf6 32. f3 Bxc2 33. Nxc2 Qg5 34. bxc4 dxc4 35. Qb4 Rxa2 36. Qxc4 Qxe3+ 0-1

[Event "Titled Tuesday intern op 28th Feb Late"]
[Site "Chess.com INT"]
[Date "2023.02.28"]
[Round "1"]
[White "Michelakos, Panagiotis"]
[Black "Simonovic, Miroslav"]
[Result "1-0"]
[WhiteElo "2282"]
[BlackElo "2115"]
[PlyCount "101"]
[EventDate "2023.02.28"]
[EventType "swiss (blitz)"]
[EventRounds "11"]
[EventCountry "USA"]
[SourceTitle "CBM 213 Extra"]
[Source "ChessBase"]
[SourceDate "2023.05.31"]
[SourceVersion "1"]
[SourceVersionDate "2023.05.31"]
[SourceQuality "1"]

1. d4 Nf6 2. Bf4 c5 3. e3 b6 4. Nf3 Bb7 5. Nbd2 g6 6. c3 Bg7 7. Bd3 0-0 8. 0-0 d6 9. h3 Nbd7 10. Bh2 Re8 11. Qe2 e5 12. dxe5 dxe5 13. e4 h6 14. a4 a5 15. Bb5 Re7 16. Rad1 Qc7 17. Rfe1 Bc6 18. Nc4 Bxb5 19. axb5 Nh5 20. Ne3 Nf4 21. Bxf4 exf4 22. Nd5 Qd8 23. Nxe7+ Qxe7 24. Qc4 Re8 25. e5 Nxe5 26. Qxf4 Nxf3+ 27. Qxf3 Qxe1+ 28. Rxe1 Rxe1+ 29. Kh2 Be5+ 30. g3 Kg7 31. Qc6 Re2 32. Kg1 Rxb2 33. Qxb6 Bxc3 34. Qxc5 Rb3 35. Qc4 Rb1+ 36. Kg2 Bf6 37. h4 Rb4 38. Qc6 Bd4 39. Qa6 a4 40. Qa5 Rb2 41. Qxa4 Bxf2 42. Kf3 h5 43. Qc4 Bb6 44. Qc3+ Bd4 45. Qxd4+ f6 46. Qxb2 g5 47. b6 gxh4 48. b7 Kg6 49. b8Q h3 50. Qg8+ Kf5 51. Qb5# 1-0

[Event "Titled Tuesday intern op 21st Feb Late"]
[Site "Chess.com INT"]
[Date "2023.02.21"]
[Round "8"]
[White "Michelakos, Panagiotis"]
[Black "Naroditsky, Daniel"]
[Result "0-1"]
[WhiteElo "2282"]
[BlackElo "2618"]
[PlyCount "88"]
[EventDate "2023.02.21"]
[EventType "swiss (blitz)"]
[EventRounds "11"]
[EventCountry "USA"]
[SourceTitle "CBM 212 Extra"]
[Source "ChessBase"]
[SourceDate "2023.03.31"]
[SourceVersion "1"]
[SourceVersionDate "2023.03.31"]
[SourceQuality "1"]

1. d4 Nf6 2. Bg5 Ne4 3. Bf4 Nc6 4. e3 d5 5. Bd3 a6 6. Nf3 Bg4 7. h3 Bh5 8. Nbd2 Nxd2 9. Qxd2 Bxf3 10. gxf3 g6 11. h4 h5 12. 0-0-0 e6 13. Bg5 Be7 14. Rhg1 Qd7 15. c4 0-0-0 16. Bxe7 Qxe7 17. Rg5 dxc4 18. Bxc4 Kb8 19. Qc3 Rd6 20. Kb1 Rhd8 21. Rc1 Qd7 22. f4 Ne7 23. Ra5 Rb6 24. Bd3 Nd5 25. Qd2 Qe7 26. Be4 Qxh4 27. Rac5 Qe7 28. Bxd5 exd5 29. Rxc7 Qxc7 30. Rxc7 Kxc7 31. Qa5 Rdd6 32. f5 gxf5 33. Qe1 h4 34. Qh1 Rh6 35. Qxd5 h3 36. Qe5+ Kd8 37. Qb8+ Kd7 38. Qh2 f4 39. exf4 Rbg6 40. f5 Rg2 41. Qe5 Rg1+ 42. Kc2 h2 43. Qd5+ Kc8 44. Qc5+ Rc6 0-1

[Event "Titled Tuesday intern op 21st Feb Late"]
[Site "Chess.com INT"]
[Date "2023.02.21"]
[Round "9"]
[White "Michelakos, Panagiotis"]
[Black "Preotu, Razvan"]
[Result "1-0"]
[WhiteElo "2282"]
[BlackElo "2494"]
[PlyCount "43"]
[EventDate "2023.02.21"]
[EventType "swiss (blitz)"]
[EventRounds "11"]
[EventCountry "USA"]
[SourceTitle "CBM 212 Extra"]
[Source "ChessBase"]
[SourceDate "2023.03.31"]
[SourceVersion "1"]
[SourceVersionDate "2023.03.31"]
[SourceQuality "1"]

1. d4 Nf6 2. Bf4 d5 3. e3 c5 4. c3 Nc6 5. Nd2 Bf5 6. Ngf3 Qb6 7. dxc5 Qxb2 8. Nd4 e5 9. Nxf5 exf4 10. exf4 Bxc5 11. Rb1 Qxa2 12. Nxg7+ Kf8 13. Nf5 Re8+ 14. Be2 d4 15. cxd4 Bb4 16. Rxb4 Nxb4 17. 0-0 Nbd5 18. Bc4 Qb2 19. Bxd5 Nxd5 20. Nc4 Qe2 21. Qb3 Ne7 22. Ne5 1-0

[Event "Titled Tuesday intern op 21st Feb Late"]
[Site "Chess.com INT"]
[Date "2023.02.21"]
[Round "5"]
[White "Michelakos, Panagiotis"]
[Black "Winkels, Marcel"]
[Result "1-0"]
[WhiteElo "2282"]
[BlackElo "1957"]
[PlyCount "87"]
[EventDate "2023.02.21"]
[EventType "swiss (blitz)"]
[EventRounds "11"]
[EventCountry "USA"]
[SourceTitle "CBM 212 Extra"]
[Source "ChessBase"]
[SourceDate "2023.03.31"]
[SourceVersion "1"]
[SourceVersionDate "2023.03.31"]
[SourceQuality "1"]

1. d4 Nf6 2. Bf4 g6 3. Nc3 a6 4. e4 d6 5. Qd2 h6 6. f3 b5 7. 0-0-0 Bb7 8. Bd3 Nbd7 9. g4 e5 10. dxe5 dxe5 11. Be3 Bg7 12. h4 Qe7 13. Nge2 0-0-0 14. Qe1 Nc5 15. Qf2 Nxd3+ 16. cxd3 Nd7 17. Kb1 Rhf8 18. Rc1 Kb8 19. h5 g5 20. Ng3 Qd6 21. Nf5 Qxd3+ 22. Ka1 Rg8 23. Rhd1 Qc4 24. Nd5 Bxd5 25. Rxc4 Bxc4 26. Ne7 Rge8 27. Nc6+ Kc8 28. Nxd8 Rxd8 29. Qd2 Bf8 30. b3 Be6 31. Bf2 Be7 32. Kb2 Kb7 33. Qe3 Nb6 34. Rxd8 Bxd8 35. Qc3 Be7 36. Qxe5 Bf8 37. Bxb6 Kxb6 38. Qf6 Kb7 39. Kc2 Bd6 40. Qxh6 Bf4 41. Qf6 Kb6 42. h6 c5 43. h7 c4 44. h8Q 1-0

[Event "Titled Tuesday intern op 21st Feb Late"]
[Site "Chess.com INT"]
[Date "2023.02.21"]
[Round "4"]
[White "Micic, Aleksa"]
[Black "Michelakos, Panagiotis"]
[Result "0-1"]
[WhiteElo "2273"]
[BlackElo "2282"]
[PlyCount "62"]
[EventDate "2023.02.21"]
[EventType "swiss (blitz)"]
[EventRounds "11"]
[EventCountry "USA"]
[SourceTitle "CBM 212 Extra"]
[Source "ChessBase"]
[SourceDate "2023.03.31"]
[SourceVersion "1"]
[SourceVersionDate "2023.03.31"]
[SourceQuality "1"]

1. e4 c6 2. d4 d5 3. e5 Bf5 4. h4 h5 5. Bg5 Qb6 6. Bd3 Qxd4 7. Nf3 Qg4 8. Bxf5 Qxf5 9. 0-0 f6 10. exf6 gxf6 11. Nd4 Qg4 12. f3 Qd7 13. Re1 fxg5 14. Qd3 Rh6 15. hxg5 Rd6 16. Qh7 Na6 17. Qxh5+ Kd8 18. Qf7 Kc7 19. Qxg8 e5 20. Rxe5 Bg7 21. Qxa8 Bxe5 22. Qxa7 Qg7 23. c3 Qxg5 24. Na3 Rg6 25. g4 Qe3+ 26. Kg2 Qd2+ 27. Kf1 Rh6 28. Nab5+ cxb5 29. Nxb5+ Kc8 30. Qa8+ Nb8 31. Na7+ Kd8 0-1

[Event "Titled Tuesday intern op 21st Feb Late"]
[Site "Chess.com INT"]
[Date "2023.02.21"]
[Round "2"]
[White "Milikow, Yoav"]
[Black "Michelakos, Panagiotis"]
[Result "1-0"]
[WhiteElo "2416"]
[BlackElo "2282"]
[PlyCount "47"]
[EventDate "2023.02.21"]
[EventType "swiss (blitz)"]
[EventRounds "11"]
[EventCountry "USA"]
[SourceTitle "CBM 212 Extra"]
[Source "ChessBase"]
[SourceDate "2023.03.31"]
[SourceVersion "1"]
[SourceVersionDate "2023.03.31"]
[SourceQuality "1"]

1. c4 Nf6 2. d4 g6 3. Nc3 Bg7 4. e4 d6 5. Be2 0-0 6. Be3 c5 7. d5 b5 8. cxb5 a6 9. a4 axb5 10. axb5 Rxa1 11. Qxa1 Ng4 12. Bf4 Bd4 13. Bg3 f5 14. Bxg4 fxg4 15. Nge2 Bg7 16. 0-0 Nd7 17. Nf4 Ne5 18. Qa7 h5 19. Ne6 Bxe6 20. dxe6 Nc4 21. Nd5 Bf6 22. b6 h4 23. Nxf6+ Rxf6 24. Bxh4 1-0

[Event "Titled Tuesday intern op 15th Feb Late"]
[Site "Chess.com INT"]
[Date "2022.02.15"]
[Round "4"]
[White "Michelakos, Panagiotis"]
[Black "Galchenko, Matvey"]
[Result "1-0"]
[WhiteElo "2280"]
[BlackElo "2443"]
[PlyCount "55"]
[EventDate "2022.02.15"]
[EventType "swiss (blitz)"]
[EventRounds "11"]
[EventCountry "USA"]
[SourceTitle "CBM 206 Extra"]
[Source "ChessBase"]
[SourceDate "2022.03.31"]
[SourceVersion "1"]
[SourceVersionDate "2022.03.31"]
[SourceQuality "1"]

1. d4 e6 2. c4 f5 3. Nc3 Nf6 4. Bg5 Bb4 5. Nf3 0-0 6. e3 b6 7. Qb3 a5 8. a3 Bxc3+ 9. Qxc3 a4 10. Bd3 Bb7 11. Nd2 h6 12. Bh4 g5 13. Bg3 Nh5 14. 0-0-0 f4 15. Bc2 Qf6 16. exf4 gxf4 17. Qd3 Rf7 18. d5 Na6 19. Ne4 Qg7 20. dxe6 dxe6 21. Bh4 Nc5 22. Nxc5 bxc5 23. Rhe1 Rb8 24. Rxe6 Nf6 25. Bxf6 Rxf6 26. Rxf6 Qxf6 27. Qh7+ Kf8 28. Qxc7 1-0

[Event "Titled Tuesday intern op 15th Feb Late"]
[Site "Chess.com INT"]
[Date "2022.02.15"]
[Round "3"]
[White "Michelakos, Panagiotis"]
[Black "Grigorov, Grigor"]
[Result "0-1"]
[WhiteElo "2280"]
[BlackElo "2511"]
[PlyCount "118"]
[EventDate "2022.02.15"]
[EventType "swiss (blitz)"]
[EventRounds "11"]
[EventCountry "USA"]
[SourceTitle "CBM 206 Extra"]
[Source "ChessBase"]
[SourceDate "2022.03.31"]
[SourceVersion "1"]
[SourceVersionDate "2022.03.31"]
[SourceQuality "1"]

1. d4 Nf6 2. Bg5 d5 3. Bxf6 gxf6 4. c4 c5 5. cxd5 Qxd5 6. Nf3 cxd4 7. Nc3 Qa5 8. Nxd4 e6 9. Nb3 Qe5 10. g3 Nc6 11. Bg2 Bg7 12. 0-0 0-0 13. Qd3 Rd8 14. Qb5 Qxb5 15. Nxb5 f5 16. Rfd1 Rf8 17. Rd2 a6 18. Nd6 Rb8 19. Rc1 Rd8 20. Bxc6 bxc6 21. Rxc6 Bb7 22. Nxb7 Rxd2 23. Nxd2 Rxb7 24. Rc8+ Bf8 25. Nc4 Kg7 26. b3 Bb4 27. Ra8 Rd7 28. Rxa6 Rd1+ 29. Kg2 Re1 30. Kf3 Bc3 31. Ra7 Bd4 32. Rd7 e5 33. Nd6 Kf6 34. e3 e4+ 35. Kg2 Ke6 36. Rd8 Bf6 37. Nxf7 Bxd8 38. Nxd8+ Kd5 39. Nf7 Ra1 40. Ng5 h5 41. h4 Rxa2 42. Nh3 Ra8 43. Nf4+ Ke5 44. Nxh5 Rb8 45. Nf4 Rxb3 46. h5 Kf6 47. Kh3 Kg5 48. Kg2 Rb2 49. Kg1 Kg4 50. Kg2 Rb6 51. Kh2 Kf3 52. Kh3 Rb1 53. Kh4 Kxf2 54. h6 Rh1+ 55. Nh3+ Kg2 56. Kg5 Rxh3 57. Kxf5 Rxh6 58. g4 Kf3 59. g5 Rh5 0-1

[Event "Titled Tuesday intern op 15th Feb Late"]
[Site "Chess.com INT"]
[Date "2022.02.15"]
[Round "11"]
[White "Sadhwani, Raunak"]
[Black "Michelakos, Panagiotis"]
[Result "1-0"]
[WhiteElo "2616"]
[BlackElo "2280"]
[PlyCount "93"]
[EventDate "2022.02.15"]
[EventType "swiss (blitz)"]
[EventRounds "11"]
[EventCountry "USA"]
[SourceTitle "CBM 206 Extra"]
[Source "ChessBase"]
[SourceDate "2022.03.31"]
[SourceVersion "1"]
[SourceVersionDate "2022.03.31"]
[SourceQuality "1"]

1. d4 d5 2. Nf3 c5 3. dxc5 e6 4. Be3 Nf6 5. c3 Qc7 6. b4 a5 7. Nbd2 Nbd7 8. a3 Be7 9. Bg5 0-0 10. e3 h6 11. Bh4 b6 12. Bg3 e5 13. c6 Qxc6 14. Rc1 Qe6 15. Bb5 Bb7 16. 0-0 Rfd8 17. Qb3 Bd6 18. h3 g6 19. Rfe1 e4 20. Nd4 Qe7 21. Bc6 Bxg3 22. Bxb7 Bd6 23. Bxa8 Rxa8 24. c4 Qe5 25. Nf1 axb4 26. axb4 Qh5 27. Nc6 Rc8 28. b5 Nc5 29. Qd1 Nd3 30. Qxh5 Nxh5 31. cxd5 Nxe1 32. Rxe1 Nf6 33. Nd2 Kg7 34. Nc4 Bc5 35. d6 Nd7 36. Ra1 Kf6 37. Nd2 Kf5 38. g4+ Ke6 39. Nxe4 f5 40. Nxc5+ Nxc5 41. gxf5+ gxf5 42. Nd4+ Kxd6 43. Nxf5+ Ke5 44. Nxh6 Ke4 45. Kg2 Ne6 46. Ng4 Rc2 47. Ra6 1-0

[Event "Titled Tuesday intern op 08th Feb Late"]
[Site "Chess.com INT"]
[Date "2022.02.08"]
[Round "8"]
[White "Michelakos, Panagiotis"]
[Black "Makarian, Rudik"]
[Result "1-0"]
[WhiteElo "2280"]
[BlackElo "2514"]
[PlyCount "59"]
[EventDate "2022.02.08"]
[EventType "swiss (blitz)"]
[EventRounds "11"]
[EventCountry "USA"]
[SourceTitle "CBM 206 Extra"]
[Source "ChessBase"]
[SourceDate "2022.03.31"]
[SourceVersion "1"]
[SourceVersionDate "2022.03.31"]
[SourceQuality "1"]

1. d4 Nf6 2. c4 g6 3. Nc3 Bg7 4. e4 d6 5. Be2 0-0 6. Bg5 c5 7. d5 h6 8. Bf4 Ne8 9. Qd2 Kh7 10. Nf3 e5 11. dxe6 fxe6 12. Be3 Qe7 13. h4 Nc6 14. e5 Rxf3 15. gxf3 Nxe5 16. 0-0-0 b5 17. h5 g5 18. Nxb5 Rb8 19. Nxd6 Nxd6 20. Qxd6 Qb7 21. Rd2 Bd7 22. Bxc5 Rc8 23. b3 Bc6 24. Rhd1 Bxf3 25. Qxe6 Be4 26. Rd7 Nxd7 27. Rxd7 Qc6 28. Bd4 Qxe6 29. Rxg7+ Kh8 30. Re7+ 1-0

[Event "Titled Tuesday intern op 25th Jan"]
[Site "Chess.com INT"]
[Date "2022.01.25"]
[Round "11"]
[White "Sadhwani, Raunak"]
[Black "Michelakos, Panagiotis"]
[Result "1-0"]
[WhiteElo "2616"]
[BlackElo "2280"]
[PlyCount "65"]
[EventDate "2022.01.25"]
[EventType "swiss (blitz)"]
[EventRounds "11"]
[EventCountry "USA"]
[SourceTitle "CBM 206 Extra"]
[Source "ChessBase"]
[SourceDate "2022.03.31"]
[SourceVersion "1"]
[SourceVersionDate "2022.03.31"]
[SourceQuality "1"]

1. e4 c5 2. Nf3 g6 3. d4 cxd4 4. Nxd4 Bg7 5. c4 Nc6 6. Be3 Nf6 7. Nc3 Ng4 8. Qxg4 Nxd4 9. Qd1 e5 10. Be2 0-0 11. 0-0 d6 12. Bxd4 exd4 13. Nd5 Be6 14. Bd3 Rc8 15. Qd2 Bxd5 16. cxd5 Qb6 17. g3 a5 18. h4 Qb4 19. Qe2 a4 20. a3 Qb3 21. Rad1 Rfe8 22. h5 Rc5 23. hxg6 hxg6 24. Qd2 Rec8 25. Kg2 Rc2 26. Bxc2 Rxc2 27. Qf4 Be5 28. Qh4 Qxb2 29. Rd3 b5 30. Qd8+ Kg7 31. Rf3 Rc1 32. Qe7 Kh6 33. Rxf7 1-0